Les duos dans le rap - Statistiques

Statistiques générales
  • Ce quiz a été pris 52 fois
    13 depuis la dernière actualisation
  • Le résultat moyen est 8 sur 12
Statistiques - réponses
Duo Rappeur & Rappeur % Correct
Djadja & ... Djadja & Dinaz
100%
PNL Ademo & NOS
100%
Bigflo & ... Bigflo & Oli
100%
Lunatic Booba & Ali
91%
Caballero & ... Caballero & Jeanjass
91%
Casseurs Flowters OrelSan & Gringe
82%
Outkast Big Boi & André 3000
55%
Ärsenik Lino & Calbo
55%
Suprême NTM JoeyStarr & Kool Shen
55%
Mobb Deep Havoc & Prodigy
45%
DTF RTI & RKM
9%
La Caution Nikkfurie & Hi-Tekk
0%
Aucun quiz correspondant
Distribution des résultats
% des personnes avec chaque résultat
Percentile par nombre de réponses
Votre historique - résultats
Vous n’avez pas pris ce quiz depuis la dernière actualisation